000
00201 a2200097 4500
001
4602
100
_a
Agnew,R.P
245
_a
Differential equations
260
_a
_b
Mcgrawhill
_c
090
_c
3796
_d
3796
942
_a
NUST-CAE
_c
M
_c
30040
999
_c
239675
_d
239675